Adolescentes chilenos de estratos sociales superiores con baja competencia lectora (Record no. 172965)
[ view plain ]
| 000 -CABECERA | |
|---|---|
| campo de control de longitud fija | 01482nab a2200265 a 4500 |
| 005 - FECHA Y HORA DE LA ÚLTIMA TRANSACCIÓN | |
| campo de control | 20210219162250.0 |
| 008 - ELEMENTOS DE LONGITUD FIJA--INFORMACIÓN GENERAL | |
| campo de control de longitud fija | 991125s1985 mx 000 0 spa u |
| 035 ## - NÚMERO DE CONTROL DEL SISTEMA | |
| Número de control de sistema | UPN01000200864 |
| 049 ## - COLECCIÓN | |
| Colección | ART |
| 100 1# - ASIENTO PRINCIPAL--NOMBRE PERSONAL | |
| Nombre de persona | Ortiz Cáceres, Iván |
| 100 1# - ASIENTO PRINCIPAL--NOMBRE PERSONAL | |
| Filiación | ivanortizc@gmail.com |
| 222 #0 - TÍTULO CLAVE | |
| Título clave | ESTUDIOS SOBRE EDUCACION |
| 245 00 - MENCIÓN DE TÍTULO | |
| Título | Adolescentes chilenos de estratos sociales superiores con baja competencia lectora |
| 260 ## - PUBLICACIÓN, DISTRIBUCIÓN, ETC. | |
| Lugar de publicación, distribución, etc. | Pamplona, España |
| 300 ## - DESCRIPCIÓN FÍSICA | |
| Extensión | 103-123 |
| 362 0# - FECHAS DE PUBLICACIÓN Y/O DESIGNACIÓN SECUENCIAL | |
| Fecha de publicación y/o designación secuencial | 2014 Número 26, junio |
| 520 ## - NOTA DE RESUMEN, ETC. | |
| Sumario, etc. | El artículo analiza un fenómeno poco estudiado: la existencia de estudiantes de las capas sociales favorecidas que tienen deficientes resultados de aprendizaje. Se argumenta su interés teórico y se proponen algunos elementos para su comprensión a partir de datos empíricos. Mediante regresiones logísticas, se analizan los factores asociados a los estudiantes chilenos de nivel socio-económico alto que obtuvieron bajos resultados en la prueba de competencia lectora del estudio PISA 2009. El modelo de variables de los estudiantes tuvo mayor poder predictivo que el de las escuelas; se discute hasta qué punto estos resultados dejan entrever la acción de las familias |
| 653 0# - TERMINO DE INDIZACION - NO CONTROLADO | |
| Término no controlado | NIVEL SOCIOECONOMICO ALTO |
| 653 0# - TERMINO DE INDIZACION - NO CONTROLADO | |
| Término no controlado | COMPETENCIA LECTORA |
| 653 0# - TERMINO DE INDIZACION - NO CONTROLADO | |
| Término no controlado | PISA |
| 653 0# - TERMINO DE INDIZACION - NO CONTROLADO | |
| Término no controlado | EXITO ESCOLAR |
| 653 0# - TERMINO DE INDIZACION - NO CONTROLADO | |
| Término no controlado | FRACASO ESCOLAR |
| 856 4# - LOCALIZACIÓN Y ACCESO ELECTRÓNICOS | |
| Identificador Uniforme del Recurso | <a href="http://dadun.unav.edu/bitstream/10171/36768/1/201406%20ESE%2026%20%282014%29-4.pdf">http://dadun.unav.edu/bitstream/10171/36768/1/201406%20ESE%2026%20%282014%29-4.pdf</a> |
| 905 ## - TIPO DE MATERIAL | |
| Tipo de material | Articulo |
No items available.
